LEADER 01625nam a2200361 a 4500 001 000000123837 003 CaOOAMICUS 005 20101129103101.0 008 101129t2010 it af u000 u ita r 020 $a978-88-420-9391-6 040 $aPUL$bita 082 04$a155.3 100 1 $aZoja, Luigi.$0(OLS)http://pul/name/78091 245 10$aCentauri :$bmito e violenza maschile /$cLuigi Zoja. 260 $aRoma ; Bari :$bEditori Laterza ;$a[S.l.] :$bFondazione Eventi - Fondazione Carispe,$cİ2010. 300 $a99 p., [2] p. di tav. :$bill. ;$c18 cm 490 1 $aI Libri del Festival della Mente 490 1 $aSaggi tascabili Laterza ;$v344 504 $aBibliografia in nota. 650 4$aMito.$0(OLS)http://pul/subject/3434 650 4$aUomo (antropologia).$0(OLS)http://pul/subject/11830 650 4$aPsicanalisi contemporanea.$0(OLS)http://pul/subject/36063 830 2$aI Libri del Festival della Mente.$0(OLS)http://pul/title/156101 830 0$aSaggi tascabili Laterza ;$v344.$0(OLS)http://pul/title/33436 850 $aPUL 852 $aPUL$W1$xSL Filosofia 3$y81$m155. 3 ZOJLU 1$j142663$qDDC 21$B141630$CPULBib$Z2$F141630 $H115267 $82 941 1 $a9 996 $6020$a978-88-420-9391-6$9(OLS)http://pul/number/146025 996 $6082$a155.3$9(OLS)http://pul/classification/1778 996 $6245$aCentauri :$bmito e violenza maschile$9(OLS)http://pul/title/156099 996 $6260$aRoma ; Bari :$bEditori Laterza$9(OLS)http://pul/publisher/61082 996 $6260$a[S.l.] :$bFondazione Eventi - Fondazione Carispe$9(OLS)http://pul/publisher/81500 LEADER 02146nam a2200409 a 4500 001 000000163821 003 CaOOAMICUS 005 20171030095016.0 008 171030s2017 it u000 u ita r 020 $a978-88-13-364427* 032 $aLibriCat 040 $aPUL$bita 082 04$a348.45 100 1 $aConso, Giovanni.$0(OLS)http://pul/name/15769 245 10$aCommentario breve al codice di procedura penale :$bcomplemento giurisprudenziale /$cGiovanni Conso, Vittorio Grevi, Giulio Illuminati ; con la collaborazione di: Marta Bargis... [et al.] coordinati da Livia Giuliani. 250 $a10. ed. per prove concorsuali ed esami. 260 $aPadova :$bCEDAM,$cİ2017$aMilanofiori Assago :$bWolters Kluwer 300 $aXXVII, 3785 p. ;$c24 cm. 490 1 $aBreviaria Iuris ;$v06 500 $aTesto su due colonne. 630 04$aCodice di procedura penale$zItalia.$0(OLS)http://pul/subject/20312 650 4$aProcedura penale$zItalia.$0(OLS)http://pul/subject/12686 700 1 $aIlluminati, Giulio,$d1946-$0(OLS)http://pul/name/88153 700 1 $aGiuliani, Livia,$d1966-$0(OLS)http://pul/name/84262 700 1 $aBargis, Marta.$0(OLS)http://pul/name/83704 700 1 $aGrevi, Vittorio.$0(OLS)http://pul/name/15770 830 0$aBreviaria Iuris ;$v06.$0(OLS)http://pul/title/8521 850 $aPUL 852 $aPUL$W1$xDP2 Diritto e Scienze Sociali 3$y110$m348. 45 COD 1.1.63$j187954$qDDC 21$B191079$CPULBib$Z2$F191079 $H130176 $81 852 $aPUL$W1$xDP2 Diritto e Scienze Sociali 3$y110$m348. 45 COD 1.1.63B$j192747$b2. copia, 1. rist. 2018$qDDC 21$B197934$CPULBib$Z2$F197934 $H131340 $81 941 1 $a9 996 $6020$a978-88-13-364427*$9(OLS)http://pul/number/163249 996 $6082$a348.45$9(OLS)http://pul/classification/373 996 $6245$aCommentario breve al codice di procedura penale :$bcomplemento giurisprudenziale$9(OLS)http://pul/title/150294 996 $6260$aPadova :$bCEDAM$9(OLS)http://pul/publisher/48126 996 $6260$aMilanofiori Assago :$bWolters Kluwer$9(OLS)http://pul/publisher/81463